| 000 | 00847nam a22002297a 4500 | ||
|---|---|---|---|
| 005 | 20100810140437.0 | ||
| 010 | _aENG-99337 | ||
| 020 |
_a8126026189 _c50.00 |
||
| 035 | _aEN-82869 | ||
| 037 | _bDBAD/PUB | ||
| 082 | _a871.1 | ||
| 100 |
_aRahman, Abdul _910098 |
||
| 245 |
_aElucidations : _balapanai / _cby Abdul Rahman; translated by R. Natarajan |
||
| 260 |
_aNew Delhi _bSahitya Akademi _c2008 |
||
| 270 |
_aRabindra Bhavan, 35, Ferozeshah Road _bNew Delhi _e110001 |
||
| 300 |
_a103p. _c21cm (pbk) |
||
| 490 |
_aSahitya akademi award winning collection of Tamil poems _910099 |
||
| 650 |
_aTamil poetry _910100 |
||
| 700 |
_aNatarajan, R. _910101 |
||
| 942 |
_2ddc _cEN _h871.1 _mRAH |
||
| 999 |
_c40652 _d40652 |
||